| 000 | 00416 a2200169 4500 | ||
|---|---|---|---|
| 001 | 59056 | ||
| 020 | _a8571960143 | ||
| 040 | _cAnchieta - Pituba | ||
| 100 | _aSantos, Ruy | ||
| 240 | 1 | 0 |
_aAo tempo do goveno Conceição _lpor |
| 245 | 1 | 0 | _aAo tempo do goveno Conceição |
| 300 | _a280 | ||
| 362 | 0 | _a2000 | |
| 440 | 1 | _aAssembléia Legislativa do Estado da Bahia | |
| 650 | 4 | _aFicção brasileira | |
| 942 | _cBK | ||
| 999 |
_c59056 _d59056 |
||